|
|
|
|
| LEADER |
00000naa a2200000uu 4500 |
| 001 |
vtls010932107 |
| 003 |
SK-MaSNL |
| 005 |
20260302122354.0 |
| 008 |
210902|2000 xo |||||||||||||||||eng| |
| 015 |
|
|
|a SNBRA
|
| 035 |
|
|
|a (urnnbn)urn:nbn:sk:snk:ar-a0b4nt
|
| 035 |
|
|
|a (uuid)1215620a-6aaf-4e15-8d86-df963a35de24
|
| 035 |
|
|
|a urn:nbn:sk:snk-aatx5b
|
| 040 |
|
|
|a SNKBUCL
|b slo
|c SNKBUCL
|e AACR2
|
| 041 |
0 |
|
|a eng
|
| 044 |
|
|
|a xo
|c SK
|
| 100 |
1 |
|
|a Hinze, Michael
|4 aut
|9 805878
|
| 245 |
1 |
0 |
|a THE SQP-METHOD FOR TRACKING TYPE CONTROL OF THE INSTATIONARY NAVIER-STOKES EQUATIONS
|c Michael Hinze
|
| 773 |
0 |
|
|t Algoritmy 2000
|d Bratislava : Slovak University of Technology, 2000, 2000
|g S. 20-27
|z 8022713910
|
| 958 |
|
|
|a OND
|
| 958 |
|
|
|a article11
|
| 958 |
|
|
|a chapter
|
| 999 |
|
|
|c 1277622
|d 1279552
|